| 000 | 00657nam a22002297a 4500 | ||
|---|---|---|---|
| 005 | 20170124110212.0 | ||
| 010 | _aA-839688 | ||
| 020 | _c65.00 | ||
| 035 | _aA-839688 | ||
| 037 | _bCen Lib/Ret | ||
| 040 |
_aDPL _bEN |
||
| 082 |
_a325.73 _bHAN |
||
| 100 |
_aHandlin, Oscar _926950 |
||
| 245 |
_aThe uprooted / _cby Oscar Handlin |
||
| 250 | _a2nd enl. ed | ||
| 260 |
_bAsian Books _aNew Delhi _c1987 |
||
| 270 | _bNew Delhi | ||
| 300 |
_ax,333p. _c20cm(Hb) |
||
| 650 |
_aImmigrants -- United States -- History _938327 |
||
| 650 |
_aUnited States -- Emigration and immigration -- History _938328 |
||
| 942 |
_2ddc _cEN _h325.73 _mHAN |
||
| 999 |
_c133577 _d133577 |
||